000 00692nam a2200289Ia 4500
005 20260324141952.0
008 008 260324s9999 xx 000 0 eng d
020 _a9781315870045
037 _aEBOOK
040 _aCRL
040 _beng
040 _cCRL
041 _2eng
041 _aeng
084 _qCRL
100 _aH. Aram Veeser
_91173333
245 0 _aConfessions of the Critics
245 0 _bNorth American Critics' Autobiographical Moves
260 _bTaylor and Francis
260 _c1996
365 _a
365 _b220
856 _uhttp://www.taylorfrancis.com/books/9781315870045
942 _cEBOOK
999 _c1813857
_d1813857